| 000 | 01454cam a2200337 a 4500 | ||
|---|---|---|---|
| 999 |
_c14555 _d14555 |
||
| 001 | 14571869 | ||
| 005 | 20191009102645.0 | ||
| 008 | 060927s2006 enka b 001 0 eng d | ||
| 010 | _a 2006283668 | ||
| 020 | _a978-1-350-06327-3 | ||
| 035 | _a(OCoLC)ocm71259425 | ||
| 040 |
_aIXA _cIXA _dDLC |
||
| 042 | _alccopycat | ||
| 050 | 0 | 0 |
_aPE1128.A2 _bG447 2006 |
| 082 | 0 | 0 |
_aDC 428.0071 _22018 _bG352 |
| 100 | 1 |
_aGibbons, Pauline, _d1946- _940250 |
|
| 245 | 1 | 0 |
_aBridging discourses in the ESL classroom : _bstudents, teachers and researchers / _cby Pauline Gibbons. |
| 260 |
_aLondon ; _bBloomsbury Academic, _c©2018. |
||
| 300 |
_a372 pages : _billustrations ; _c22 cm. |
||
| 504 | _aIncludes bibliographical references and index. | ||
| 650 | 0 |
_aEnglish language _xStudy and teaching _xForeign speakers. _9324 |
|
| 650 | 0 |
_aSecond language acquisition. _940251 |
|
| 650 | 0 |
_aInterdisciplinary approach in education. _940252 |
|
| 856 | 4 | 2 |
_3Contributor biographical information _uhttp://www.loc.gov/catdir/enhancements/fy1116/2006283668-b.html |
| 856 | 4 | 1 |
_3Table of contents only _uhttp://www.loc.gov/catdir/enhancements/fy1116/2006283668-t.html |
| 856 | 4 | 2 |
_3Publisher description _uhttp://www.loc.gov/catdir/enhancements/fy1213/2006283668-d.html |
| 365 |
_b2,196.00 _cPhp |
||
| 906 |
_a7 _bcbc _ccopycat _d2 _encip _f20 _gy-gencatlg |
||
| 942 |
_2ddc _cDC |
||